Neexistuje procedúra bankrotu štátu ako dlžníka
Finančná kríza v rozvojových krajinách a ich vzťah k Medzinárodnému menovému fondu. Hľadanie spôsobu na komplexné riešenie platobnej neschopnosti zadlžených krajín. Finančná kríza v Argentíne. Zodpovednosť MMF. Postoje finančníkov k riešeniu kríz.
Enregistré dans:
| Auteur principal: | |
|---|---|
| Format: | Chapitre de livre |
| Langue: | slovaque |
| Sujets: | |
| Tags: |
Pas de tags, Soyez le premier à ajouter un tag!
|
MARC
| LEADER | 00000naa$a2200000$$$4500 | ||
|---|---|---|---|
| 001 | 0024536 | ||
| 005 | 20231009070227.0 | ||
| 041 | 0 | |a slo | |
| 044 | |a SK | ||
| 245 | 1 | 0 | |a Neexistuje procedúra bankrotu štátu ako dlžníka |c Peter Kráľovič |
| 520 | |a Finančná kríza v rozvojových krajinách a ich vzťah k Medzinárodnému menovému fondu. Hľadanie spôsobu na komplexné riešenie platobnej neschopnosti zadlžených krajín. Finančná kríza v Argentíne. Zodpovednosť MMF. Postoje finančníkov k riešeniu kríz. | ||
| 610 | 2 | 0 | |a kríza finančná |
| 610 | 2 | 0 | |a veritelia |
| 610 | 2 | 0 | |a dlžníci |
| 610 | 2 | 0 | |a oddlženie |
| 610 | 2 | 0 | |a bankrot |
| 610 | 2 | 0 | |a banky medzinárodné |
| 610 | 2 | 0 | |a úver |
| 610 | 2 | 0 | |a kapitál |
| 610 | 2 | 0 | |a investori |
| 610 | 2 | 0 | |a krajiny vyspelé |
| 610 | 2 | 0 | |a krajiny rozvojové |
| 610 | 2 | 0 | |a Medzinárodný menový fond |
| 100 | 1 | |a Kráľovič, Peter | |